000 004320000a22001570004500
020 _a84-7530-352-8
041 0 _aSPA
082 0 4 _aG 843.8 F8151c
100 1 _aFrance, Anatole (1884-1924)
245 1 0 _aEl crimen de un académico / Anatole France ; Luis Ruíz Contreras, Traductor
260 _aMadrid : Orbis
300 _a192 Pag
500 _aTítulo original : Le crime de Sylvestre Bonnard
001 13175
942 _cBK
999 _c42164
_d42164